Statistics for Flag Of M

Click here to take the quiz!

General Stats

  • This quiz has been taken 14 times
  • The average score is 16 of 18

Answer Stats

Answer% Correct
Malaysia
100%
Mali
100%
Malta
100%
Mauritania
100%
Mexico
100%
Monaco
100%
Mongolia
100%
Morocco
100%
Maldives
92%
Marshall Islands
92%
Moldova
92%
Montenegro
92%
Mozambique
92%
Malawi
83%
Mauritius
83%
Micronesia
83%
Madagascar
75%
Macau
33%

Score Distribution

Percentile by Number Answered

Percent of People with Each Score

Your Score History

You have not taken this quiz